Educación ambiental: principios y acciones en Costa Rica /
MANUEL
Na minha lista:
| Autor principal: | |
|---|---|
| Outros Autores: | |
| Formato: | Desconhecido |
| Idioma: | Spanish |
| Assuntos: | |
| Tags: |
Adicionar Tag
Sem tags, seja o primeiro a adicionar uma tag!
|
MARC
| LEADER | 00000 a2200000 04500 | ||
|---|---|---|---|
| 001 | 4514 | ||
| 003 | CIDCACS | ||
| 005 | 20221107130750.0 | ||
| 008 | 221107b |||||||| |||| 00| 0 spa d | ||
| 040 | |c CIDCACS | ||
| 100 | 1 | |9 10808 |a Guier Serrano, Estrella |e Autora | |
| 245 | 1 | |a Educación ambiental: principios y acciones en Costa Rica / |c Estrella Guier Serrano, María Eugenia Zúñiga Ch. | |
| 300 | |a páginas 671-681 | ||
| 520 | |a MANUEL | ||
| 650 | 0 | |9 4767 |a EDUCACIÓN AMBIENTAL | |
| 651 | 0 | |9 32 |a COSTA RICA | |
| 700 | 1 | |9 10809 |a Zúñiga Ch., María Eugenia |e Autora | |
| 942 | |2 ddc |c LI | ||
| 999 | |c 3223 |d 3223 | ||
| 773 | 0 | |0 17141 |9 4797 |a Costa Rica. |d Heredia: UNA, 1993 |o 22321 |t Ideario Costarricense / |w (cru CIDCACS/IIS)4416 | |
